Cities in China - Sudden Death - Statistics

General Stats
  • This quiz has been taken 129 times
  • The average score is 13 of 16
Answers on the Grid
Answers color-coded by a green-red scale on the quiz's grid according to % correct below.
Bangkok
Beijing
Busan
Chengdu
Chennai
Daegu
Guangzhou
Hanoi
Harbin
Hefei
Hong Kong
Incheon
Jaipur
Jinan
Kobe
Kyoto
Mandalay
Nanjing
Pune
Pyongyang
Qingdao
Shanghai
Shenyang
Surabaya
Surat
Tianjin
Ulaanbaatar
Ürümqi
Wuhan
Xi'an
Xiamen
Yokohama
 
Answer Stats
Answer % Correct
Beijing
97%
Shanghai
92%
Guangzhou
88%
Wuhan
88%
Xi'an
88%
Nanjing
86%
Shenyang
85%
Xiamen
85%
Qingdao
84%
Tianjin
84%
Hong Kong
82%
Chengdu
81%
Jinan
70%
Hefei
69%
Harbin
64%
Ürümqi
64%
No matching quizzes found
Score Distribution
Percent of People with Each Score
Percentile by Number Answered
Your Score History
You have not taken this quiz